| 000 | 00498nam a2200181Ia 4500 | ||
|---|---|---|---|
| 003 | LK-CoDNM | ||
| 005 | 20240227103215.0 | ||
| 008 | 010623t1891 xxu||||| |||| 00| 1 Pali d | ||
| 040 |
_aLK-CoDNM _dLK-CoDNM _eLK-CoDNM |
||
| 041 |
_aPali _asin |
||
| 080 | _a104 U22 | ||
| 100 | _aOlket,H.S | ||
| 245 | _aඅවවාද රත්න සංග්රහව | ||
| 246 | _aAwawaada rathna sangrahawa | ||
| 260 |
_bD.J.Subasinghe _aColombo _c1891 |
||
| 300 |
_bDamaged _a26p., 18 cm |
||
| 942 | _cBK | ||
| 999 |
_c83394 _d83394 |
||